Countries by Third Largest City - Statistics

General Stats
  • This quiz has been taken 87 times
  • The average score is 9 of 16
Answer Stats
Hint Answer % Correct
Brasília Brazil
100%
Calgary Canada
94%
Limerick Ireland
93%
Giza Egypt
90%
Novosibirsk Russia
90%
Christchurch New Zealand
89%
Izmir Turkey
86%
Odense Denmark
64%
Chongjin North Korea
50%
Trujillo Peru
43%
Herceg Novi Montenegro
35%
Spanish Town Jamaica
29%
Irbid Jordan
23%
Gabú Guinea-Bissau
8%
Baidoa Somalia
6%
Haveluloto Tonga
4%
No matching quizzes found
Score Distribution
Percent of People with Each Score
Percentile by Number Answered
Your Score History
You have not taken this quiz